Score 0/20 Timer 08:00
0 Plays Today
Rank Lake % Correct
1Superior
100%
2Lake of The Woods
96.2%
4Red (Lower)
96.2%
7Red (Upper)
96.2%
5Mille Lacs
92.3%
14Minnetonka
80.8%
6Leech
76.9%
3Rainy
73.1%
8Winnibigoshish
69.2%
9Vermilion
50%
Rank Lake % Correct
13Cass
42.3%
11Pepin
38.5%
10Kabetogama
34.6%
15Otter Tail
34.6%
16Big Stone
34.6%
18Pelican
30.8%
12Saganaga
23.1%
19Traverse
15.4%
17Namakan
7.7%
20Minnesota Slough
3.8%
Remove Ads.
Support Sporcle.
Get the best of Sporcle when you Go Orange. This ad-free experience offers more features, more stats, and more fun while also helping to support Sporcle. Thank you for becoming a member.

You're not logged in!

Compare scores with friends on all Sporcle quizzes.
OR
Log In

Sporcle TV

Today on Sporcle TV


Watch our educational content, quiz creation guides, and fun videos on Sporcle TV.

Show Comments

Extras

Top Quizzes Today


Score Distribution

Paid Content

Your Account Isn't Verified!

In order to create a playlist on Sporcle, you need to verify the email address you used during registration. Go to your Sporcle Settings to finish the process.

Report this User

Report this user for behavior that violates our Community Guidelines.

Details: